000 00618nam a2200181Ia 4500
008 100921s9999 xx 000 0 und d
082 _b30267
_a891.463 थ 97
100 _aदळवी श्रीकांत.
245 _aजीवनमरण.
260 _bदळवी संपदा,कल्याण.
_c1997
300 _a676
_bमयुरेष बुक एजन्सी,कराड
365 _b250
520 _aललित-कादंबरी.
630 _aजीवनमरण.
650 _aललित-कादंबरी.
730 _aजीवनमरण.
942 _cBOOK
999 _c779380
_d779377